000 00299nam a22001337a 4500
008 181020b xxu||||| |||| 00| 0 eng d
020 _a0256024162
041 _aeng
080 _a316
100 _a50
101 _aSOC
245 _aThe Emergence of Sociological Theory
_cTurner
942 _2udc
_cBK
999 _c50323
_d50323